Организация и планирование производства: лабораторный практикум; учебное пособие

Dades bibliogràfiques
Altres autors: Новицкий Н. И. Николай Илларионович (редактор)
Sumari:Содержит лабораторные работы по основным темам курсов «Организация производства» и «Оперативное планирование и управление производством». Рассмотрены наиболее сложные вопросы организации и оперативного планирования производства на предприятии, в цехе, на участке, поточной линии, роботизированном технологическом комплексе и др. Каждая лабораторная работа включает: цель и порядок выполнения, краткие теоретические сведения, пример проведения расчета, контрольные вопросы и задания, а также варианты для самостоятельного выполнения. Для студентов и преподавателей экономических, инженерно-экономических и технических специальностей вузов, а также аспирантов, магистрантов и практических работников.
Idioma:rus
Publicat: Минск, Новое знание, 2008
Matèries:
Format: MixedMaterials Llibre
KOHA link:https://koha.lib.tpu.ru/cgi-bin/koha/opac-detail.pl?biblionumber=164627

MARC

LEADER 00000nam0a2200000 4500
001 164627
005 20231101222509.0
010 |a 9789854753218 
035 |a (RuTPU)RU\TPU\book\178592 
090 |a 164627 
100 |a 20090908d2008 m y0rusy50 ca 
101 0 |a rus 
102 |a BY 
105 |a a j 001zy 
200 1 |a Организация и планирование производства  |e лабораторный практикум  |e учебное пособие  |f под ред. Н. И. Новицкого 
210 |a Минск  |c Новое знание  |d 2008 
215 |a 230 с.  |c ил. 
320 |a Библиогр.: с. 244-245. 
330 |a Содержит лабораторные работы по основным темам курсов «Организация производства» и «Оперативное планирование и управление производством». Рассмотрены наиболее сложные вопросы организации и оперативного планирования производства на предприятии, в цехе, на участке, поточной линии, роботизированном технологическом комплексе и др. Каждая лабораторная работа включает: цель и порядок выполнения, краткие теоретические сведения, пример проведения расчета, контрольные вопросы и задания, а также варианты для самостоятельного выполнения. Для студентов и преподавателей экономических, инженерно-экономических и технических специальностей вузов, а также аспирантов, магистрантов и практических работников. 
606 1 |a Предприятия  |x Планирование  |2 stltpush  |3 (RuTPU)RU\TPU\subj\36683  |9 57976 
606 1 |a Организация производства  |2 stltpush  |3 (RuTPU)RU\TPU\subj\36564  |9 57896 
610 1 |a экономика 
610 1 |a календарное планирование 
610 1 |a календарные планы 
610 1 |a расчеты 
610 1 |a нормативы 
610 1 |a непрерывно-поточные линии 
610 1 |a стандарт-планы 
610 1 |a технологическое оборудование 
610 1 |a конструкторская подготовка 
610 1 |a ресурсосберегающие технологии 
610 1 |a инвестиционные проекты 
610 1 |a продукция 
610 1 |a производство 
610 1 |a детали 
610 1 |a партии 
610 1 |a размеры 
610 1 |a обработка 
610 1 |a качество 
610 1 |a лабораторные практикумы 
610 1 |a учебные пособия 
686 |a У9(2)29-2я73  |v LBC/SL-A  |2 rubbk 
702 1 |a Новицкий  |b Н. И.  |g Николай Илларионович  |4 340 
801 1 |a RU  |b 63413507  |c 20090908 
801 2 |a RU  |b 63413507  |c 20230627  |g RCR 
942 |c BK 
959 |a 91/20090908  |d 1  |e 0  |f ЧЗГЛ:1